| 000 | 00414nam a2200145Ia 4500 | ||
|---|---|---|---|
| 008 | 150201s2005 xx 000 0 und d | ||
| 082 |
_a610.6 _bH05W |
||
| 100 | _aWHO | ||
| 245 | _aHEALTH SERVICE PLANNING AND POLICY MAKING MODULE 4, POLICY MAKING MODULE 4, POLICY DEVELOPMENT | ||
| 250 | _a1ST | ||
| 260 |
_bWHO _aUBS _c2005 |
||
| 300 | _a1-25 | ||
| 650 | _aOTHER CLINICAL & NON CLINICAL BOOKS | ||
| 942 |
_2ddc _cBK _01 |
||
| 999 |
_c469 _d469 |
||